[Event "LSV Turm Lippstadt 1 - SF Gerresheim 1"]
[Site "NRW-Liga - Gruppe 2 2019/2020"]
[Date "2019.10.13"]
[Round "2.8"]
[White "Kuehler, Andreas"]
[Black "Maisels, Victor"]
[Result "1-0"]
[WhiteElo "1903"]
[BlackElo "1915"]
[PlyCount "83"]
[EventDate "2019.??.??"]
[SourceVersionDate "2020.03.16"]
[WhiteTeam "LSV Turm Lippstadt 1"]
[BlackTeam "SF Gerresheim 1"]

1. d4 d5 2. c4 c6 3. Nc3 Bf5 4. cxd5 cxd5 5. Qb3 e6 6. Qxb7 Nd7 7. Bf4 Ngf6 8.
e3 Be7 9. Bc7 Qc8 10. Ba6 O-O 11. Qxc8 Raxc8 12. Bxc8 Rxc8 13. Ba5 Rb8 14. b3
Rc8 15. f3 Nb8 16. Nce2 Rc2 17. Rc1 Rxa2 18. Rc8+ Bf8 19. Bb4 Nbd7 20. g4 Bd3
21. Ng3 Ba6 22. Rd8 h6 23. Bd6 Rb2 24. h4 g5 25. hxg5 hxg5 26. b4 Kg7 27. Bc5
Nxc5 28. bxc5 Bc4 29. Ra8 a6 30. Ra7 Ra2 31. Nh5+ Kg6 32. Nxf6 Kxf6 33. Rh8 Bg7
34. Rb8 Bb5 35. Rxb5 Ra1+ 36. Kf2 Ra2+ 37. Ne2 Rxe2+ 38. Kxe2 axb5 39. c6 e5
40. c7 exd4 41. c8=Q dxe3 42. Qf5# 1-0

[Event "SK Königsspringer Iserlohn 1 - SF Brac"]
[Site "NRW-Liga - Gruppe 2 2019/2020"]
[Date "2019.10.13"]
[Round "2.1"]
[White "Luft, Dennis"]
[Black "Eckardt, Joshua"]
[Result "0-1"]
[WhiteElo "2254"]
[BlackElo "2250"]
[PlyCount "78"]
[EventDate "2019.??.??"]
[SourceVersionDate "2020.03.16"]
[WhiteTeam "SF Brackel 1"]
[BlackTeam "SK Königsspringer Iserlohn 1"]

1. e4 e6 2. d3 d5 3. Nd2 c5 4. g3 Nc6 5. Bg2 g6 6. f4 Bg7 7. Ngf3 Nge7 8. O-O
b6 9. Re1 Bb7 10. c3 Qd7 11. Nf1 Rd8 12. Qa4 O-O 13. Bd2 a6 14. Rad1 Nd4 15.
Qxd7 Nxf3+ 16. Bxf3 Rxd7 17. e5 Rfd8 18. Kf2 a5 19. d4 Ba6 20. Ne3 Nc6 21. dxc5
bxc5 22. c4 dxc4 23. Bc3 Nb4 24. Rxd7 Rxd7 25. Rd1 Nd3+ 26. Kg1 g5 27. Be2 gxf4
28. gxf4 Bb5 29. Rf1 a4 30. Bg4 Bh6 31. Ng2 a3 32. f5 exf5 33. Bxf5 axb2 34.
Bxd7 Bxd7 35. Rb1 Bc1 36. Kf1 Bh3 37. Kg1 Bf5 38. Kf1 Nf4 39. Bxb2 Bd3+ 0-1

[Event "SK Königsspringer Iserlohn 1 - SF Brac"]
[Site "NRW-Liga - Gruppe 2 2019/2020"]
[Date "2019.10.13"]
[Round "2.2"]
[White "Schmitz, Philipp"]
[Black "Kartsev, Soel"]
[Result "0-1"]
[WhiteElo "2206"]
[BlackElo "2216"]
[PlyCount "44"]
[EventDate "2019.??.??"]
[SourceVersionDate "2020.03.16"]
[WhiteTeam "SK Königsspringer Iserlohn 1"]
[BlackTeam "SF Brackel 1"]

1. e4 e5 2. Nf3 Nf6 3. Nxe5 d6 4. Nf3 Nxe4 5. Nc3 Nxc3 6. dxc3 Be7 7. Bf4 Nd7
8. Qd2 O-O 9. O-O-O Nc5 10. Nd4 Bf6 11. f3 Ne6 12. Nxe6 Bxe6 13. Kb1 Qd7 14. g4
Qa4 15. a3 a5 16. g5 Be5 17. Be3 g6 18. h4 b5 19. f4 Bg7 20. h5 b4 21. hxg6
bxa3 22. Bd4 Ba2+ 0-1

[Event "SK Königsspringer Iserlohn 1 - SF Brac"]
[Site "NRW-Liga - Gruppe 2 2019/2020"]
[Date "2019.10.13"]
[Round "2.3"]
[White "Fluechter, Gregor"]
[Black "Schmuecker, Marcus"]
[Result "1/2-1/2"]
[WhiteElo "2177"]
[BlackElo "2171"]
[PlyCount "116"]
[EventDate "2019.??.??"]
[SourceVersionDate "2020.03.16"]
[WhiteTeam "SF Brackel 1"]
[BlackTeam "SK Königsspringer Iserlohn 1"]

1. e4 e6 2. d4 d5 3. exd5 exd5 4. Nf3 Bd6 5. c4 Nf6 6. Nc3 O-O 7. Bd3 dxc4 8.
Bxc4 Nc6 9. h3 h6 10. O-O Bf5 11. a3 Qd7 12. Re1 Rfe8 13. Be3 a6 14. d5 Ne5 15.
Nxe5 Rxe5 16. Qf3 Rae8 17. Red1 Bg6 18. g4 h5 19. g5 Ne4 20. Nxe4 Bxe4 21. Qxh5
Qf5 22. Qg4 Qxg4+ 23. hxg4 Bf3 24. Re1 Re4 25. Be2 Rxg4+ 26. Kf1 Bxe2+ 27. Rxe2
Re5 28. Rd1 Kf8 29. Bc1 Ke7 30. Rxe5+ Bxe5 31. f4 Bd6 32. Kf2 Bc5+ 33. Kf3 Rh4
34. b4 Bd6 35. Kg3 Rh5 36. Kg4 Rh2 37. Rd2 Rh1 38. Bb2 g6 39. Be5 Re1 40. Bxd6+
Kxd6 41. Rd3 Rc1 42. Kf3 Rc4 43. Ke3 b6 44. Kf3 a5 45. bxa5 bxa5 46. Ke3 Kc5
47. Kf3 Rd4 48. Rc3+ Rc4 49. Rxc4+ Kxc4 50. Ke4 Kb3 51. Ke5 Kxa3 52. Kf6 Kb4
53. Kxf7 a4 54. f5 gxf5 55. g6 a3 56. g7 a2 57. g8=Q a1=Q 58. Ke6 Qa6+ 1/2-1/2

[Event "SK Königsspringer Iserlohn 1 - SF Brac"]
[Site "NRW-Liga - Gruppe 2 2019/2020"]
[Date "2019.10.13"]
[Round "2.4"]
[White "Messarius, Juergen"]
[Black "Knudsen, Simon"]
[Result "0-1"]
[WhiteElo "2136"]
[BlackElo "2181"]
[PlyCount "82"]
[EventDate "2019.??.??"]
[SourceVersionDate "2020.03.16"]
[WhiteTeam "SK Königsspringer Iserlohn 1"]
[BlackTeam "SF Brackel 1"]

1. e4 g6 2. d4 Bg7 3. g3 d5 4. e5 c5 5. c3 Nc6 6. Bg2 e6 7. Ne2 Nge7 8. O-O O-O
9. dxc5 Nxe5 10. Nd4 Qc7 11. b4 b6 12. cxb6 Qxb6 13. a4 Bd7 14. a5 Qb7 15. Re1
Rfc8 16. Ba3 Nf5 17. Nb3 Ba4 18. Nc5 Bxd1 19. Nxb7 Bc2 20. Nc5 Nc4 21. Ra2 Bxb1
22. Rxb1 Bxc3 23. Rb3 Bd4 24. Nd3 Rab8 25. Bc1 Ne5 26. Bf4 Nxd3 27. Rxd3 Rxb4
28. g4 Nh4 29. Bf1 e5 30. Bd2 Rb1 31. Rh3 g5 32. Bxg5 Ng6 33. Rf3 e4 34. Rf5 f6
35. Bd2 Be5 36. Rh5 Bf4 37. Rxd5 Bxd2 38. Raxd2 Rcc1 39. Rd7 Rxf1+ 40. Kg2 Rg1+
41. Kh3 Rb3+ 0-1

[Event "SK Königsspringer Iserlohn 1 - SF Brac"]
[Site "NRW-Liga - Gruppe 2 2019/2020"]
[Date "2019.10.13"]
[Round "2.5"]
[White "Steinmetzer, Thomas"]
[Black "Klauke, Stefan"]
[Result "1-0"]
[WhiteElo "2192"]
[BlackElo "2093"]
[PlyCount "47"]
[EventDate "2019.??.??"]
[SourceVersionDate "2020.03.16"]
[WhiteTeam "SF Brackel 1"]
[BlackTeam "SK Königsspringer Iserlohn 1"]

1. e4 c5 2. Nf3 e6 3. d4 cxd4 4. Nxd4 Nf6 5. Nc3 Bb4 6. Ndb5 O-O 7. a3 Bxc3+ 8.
Nxc3 d5 9. Bg5 d4 10. Ne2 Qa5+ 11. Bd2 Qb6 12. Bc1 Nc6 13. Ng3 e5 14. Bd3 Be6
15. O-O a5 16. f4 exf4 17. Bxf4 Ng4 18. Nf5 Bxf5 19. exf5 Ne3 20. Qh5 Ne7 21.
f6 Ng6 22. fxg7 Kxg7 23. Qh6+ Kg8 24. Be5 1-0

[Event "SK Königsspringer Iserlohn 1 - SF Brac"]
[Site "NRW-Liga - Gruppe 2 2019/2020"]
[Date "2019.10.13"]
[Round "2.6"]
[White "Runtemund, Rene"]
[Black "Goldschmidt, Christian"]
[Result "0-1"]
[WhiteElo "2023"]
[BlackElo "2164"]
[Annotator "Daniel"]
[PlyCount "84"]
[EventDate "2019.??.??"]
[SourceVersionDate "2020.03.16"]
[WhiteTeam "SK Königsspringer Iserlohn 1"]
[BlackTeam "SF Brackel 1"]

1. e4 e5 2. Nc3 Nf6 3. Bc4 Nxe4 4. Qh5 Nd6 5. Qxe5+ Qe7 6. Qxe7+ Bxe7 7. Bb3
O-O 8. Nf3 c6 9. O-O Nf5 10. Re1 d5 11. g4 Nh4 12. Nxh4 Bxh4 13. h3 h5 14. gxh5
Bxh3 15. d3 Nd7 16. Bf4 Rfe8 17. h6 gxh6 18. Kh2 Bf5 19. Rxe8+ Rxe8 20. Bxh6
Ne5 21. Bf4 Nf3+ 22. Kg2 Ne1+ 23. Kg1 Bh3 24. Kh2 Bg4 25. Bg3 Bf6 26. Bf4 Bh5
27. Kg3 Kh7 28. Ne4 Rg8+ 29. Ng5+ Bxg5 30. Rxe1 Bf6+ 31. Kh2 Bf3 32. Re3 $11
Bg4 33. Be5 Kg6 34. Kg3 Kf5 35. Bxf6 Bd1+ 36. Kh4 Kxf6 37. Re1 Bg4 38. d4 Kf5
39. Re7 Kf4 40. Rxf7+ Bf5 41. Rxf5+ Kxf5 42. c3 Kf4 0-1

[Event "SK Königsspringer Iserlohn 1 - SF Brac"]
[Site "NRW-Liga - Gruppe 2 2019/2020"]
[Date "2019.10.13"]
[Round "2.7"]
[White "Korten, Lando"]
[Black "Franz, Christian"]
[Result "1-0"]
[WhiteElo "2092"]
[BlackElo "2026"]
[PlyCount "65"]
[EventDate "2019.??.??"]
[SourceVersionDate "2020.03.16"]
[WhiteTeam "SF Brackel 1"]
[BlackTeam "SK Königsspringer Iserlohn 1"]

1. d4 Nf6 2. c4 g6 3. Nc3 Bg7 4. e4 d6 5. h3 O-O 6. Be3 c5 7. d5 e6 8. Bd3 exd5
9. exd5 Na6 10. Qd2 Nc7 11. a4 b6 12. Nf3 Rb8 13. O-O a6 14. Bh6 b5 15. b3 bxa4
16. bxa4 Rb4 17. Rfe1 Re8 18. Bxg7 Kxg7 19. Rxe8 Nfxe8 20. Re1 h6 21. a5 Nf6
22. g4 Nce8 23. g5 hxg5 24. Nxg5 Nh7 25. Nxh7 Kxh7 26. Qf4 Qf6 27. Qg3 Qd8 28.
Ne4 Kg7 29. Ng5 Rb3 30. Re3 Qf6 31. Rxe8 Bf5 32. Qh4 Qa1+ 33. Kh2 1-0

[Event "SK Königsspringer Iserlohn 1 - SF Brac"]
[Site "NRW-Liga - Gruppe 2 2019/2020"]
[Date "2019.10.13"]
[Round "2.8"]
[White "Schwanbeck, Christoph"]
[Black "Strathoff, Martin"]
[Result "0-1"]
[WhiteElo "2014"]
[BlackElo "2050"]
[PlyCount "26"]
[EventDate "2019.??.??"]
[SourceVersionDate "2020.03.16"]
[WhiteTeam "SK Königsspringer Iserlohn 1"]
[BlackTeam "SF Brackel 1"]

1. Nf3 d5 2. d4 Nf6 3. Bf4 Bf5 4. e3 e6 5. c4 Bxb1 6. Rxb1 Bb4+ 7. Ke2 O-O 8.
Ne5 dxc4 9. Qa4 Nd5 10. Nxc4 Nxf4+ 11. exf4 Qxd4 12. Ne3 Nc6 13. a3 Rad8 0-1

[Event "SF Brackel 1 - SV Kamen 1"]
[Site "NRW-Liga - Gruppe 2 2019/2020"]
[Date "2019.11.10"]
[Round "3.1"]
[White "Weidemann, Christian"]
[Black "Luft, Dennis"]
[Result "0-1"]
[WhiteElo "2272"]
[BlackElo "2254"]
[PlyCount "92"]
[EventDate "2019.??.??"]
[SourceVersionDate "2020.03.16"]
[WhiteTeam "SV Kamen 1"]
[BlackTeam "SF Brackel 1"]

1. e4 e5 2. Nf3 Nc6 3. Bc4 Bc5 4. c3 Nf6 5. d4 exd4 6. cxd4 Bb4+ 7. Nc3 Nxe4 8.
O-O Bxc3 9. d5 Bf6 10. Re1 Ne7 11. Rxe4 d6 12. Bg5 Bxg5 13. Nxg5 h6 14. Qe2
hxg5 15. Re1 Be6 16. Bb3 c6 17. dxc6 d5 18. Rxe6 fxe6 19. cxb7 Rb8 20. Qxe6 Kf8
21. Re3 Rh6 22. Rf3+ Rf6 23. Rxf6+ gxf6 24. Qxf6+ Kg8 25. Qxg5+ Kf7 26. Qf4+
Ke6 27. Bd1 Nc6 28. h4 Ne5 29. Bb3 Qf8 30. Qe3 Kd6 31. Qxa7 Nc6 32. Qa3+ Ke6
33. Qa4 Qc5 34. Qg4+ Ke7 35. Qg5+ Kd6 36. Qf4+ Kd7 37. Qf7+ Ne7 38. h5 Rxb7 39.
Qf8 Rb4 40. g3 Re4 41. h6 Re1+ 42. Kh2 Qc1 43. Bxd5 Nxd5 44. Qf5+ Kc6 45. Qg6+
Kc7 46. Qf7+ Ne7 0-1

[Event "SF Brackel 1 - SV Kamen 1"]
[Site "NRW-Liga - Gruppe 2 2019/2020"]
[Date "2019.11.10"]
[Round "3.2"]
[White "Kartsev, Soel"]
[Black "Himmel, Hansjoerg"]
[Result "1/2-1/2"]
[WhiteElo "2216"]
[BlackElo "2244"]
[PlyCount "67"]
[EventDate "2019.??.??"]
[SourceVersionDate "2020.03.16"]
[WhiteTeam "SF Brackel 1"]
[BlackTeam "SV Kamen 1"]

1. e4 c5 2. Nf3 Nc6 3. Bb5 e6 4. Bxc6 bxc6 5. d3 f6 6. Qe2 d6 7. O-O Ne7 8. Nh4
e5 9. f4 exf4 10. Nf5 g6 11. Nxe7 Bxe7 12. Bxf4 Be6 13. c4 g5 14. Bd2 O-O 15.
Nc3 Qd7 16. Nd1 f5 17. exf5 Rxf5 18. Ne3 Rf4 19. g3 Rxf1+ 20. Rxf1 Rf8 21.
Rxf8+ Bxf8 22. Qh5 Qg7 23. Bc3 Qg6 24. Qxg6+ hxg6 25. Bf6 Bg7 26. Bxg7 Kxg7 27.
Kf2 Kf6 28. b3 Ke5 29. Nc2 Bg4 30. Ke3 Bd1 31. Ne1 Bg4 32. Nc2 Bd1 33. Ne1 Bg4
34. Nc2 1/2-1/2

[Event "SF Brackel 1 - SV Kamen 1"]
[Site "NRW-Liga - Gruppe 2 2019/2020"]
[Date "2019.11.10"]
[Round "3.3"]
[White "Luetke, Jens"]
[Black "Fluechter, Gregor"]
[Result "1/2-1/2"]
[WhiteElo "2237"]
[BlackElo "2177"]
[Annotator "daniel"]
[PlyCount "116"]
[EventDate "2019.??.??"]
[SourceVersionDate "2020.03.16"]
[WhiteTeam "SV Kamen 1"]
[BlackTeam "SF Brackel 1"]

1. Nf3 c5 2. e3 d5 3. b3 Nf6 4. Bb2 Bf5 5. h3 h6 6. g4 Bh7 7. Ne5 e6 8. Bg2 Bd6
9. d3 Nc6 10. Nxc6 bxc6 11. Nd2 O-O 12. Qe2 Nd7 13. h4 f5 14. g5 hxg5 15. hxg5
Qxg5 16. O-O-O e5 17. f4 Qe7 18. Rdg1 Nf6 19. fxe5 Bxe5 20. Bxe5 Qxe5 21. Nf3
Qe7 22. Ng5 Bg6 23. Bf3 Rfe8 24. Qh2 Kf8 25. Qh8+ Ng8 26. Kb1 Qe5 27. Bh5 Bxh5
28. Qxh5 Ke7 29. Qf7+ Kd6 30. Qb7 Qe7 31. Nf7+ Ke6 32. Ng5+ Kd6 33. Qa6 Nf6 34.
e4 fxe4 35. dxe4 Nxe4 36. Nxe4+ Qxe4 37. Qb7 Rh8 38. Rxh8 Rxh8 39. Qxg7 Rh1 40.
Qf8+ Kc7 41. Qxc5 Rxg1+ 42. Qxg1 Kb7 $11 43. Qg7+ Kb6 44. a4 Qe3 45. Qf8 Kb7
46. Qd6 Qb6 47. Ka2 Qc7 48. Qc5 Qb6 49. Qc3 c5 50. Qf3 Qc6 51. Qf7+ Kb6 52. Qe7
c4 53. Qb4+ Ka6 54. Qb8 cxb3+ 55. cxb3 d4 56. Ka3 Qc1+ 57. Ka2 Qc2+ 58. Ka3
Qc1+ 1/2-1/2

[Event "SF Brackel 1 - SV Kamen 1"]
[Site "NRW-Liga - Gruppe 2 2019/2020"]
[Date "2019.11.10"]
[Round "3.4"]
[White "Knudsen, Simon"]
[Black "Kleinegger, Frank"]
[Result "1-0"]
[WhiteElo "2181"]
[BlackElo "2085"]
[PlyCount "71"]
[EventDate "2019.??.??"]
[SourceVersionDate "2020.03.16"]
[WhiteTeam "SF Brackel 1"]
[BlackTeam "SV Kamen 1"]

1. e4 e5 2. Nf3 Nc6 3. Bc4 Bc5 4. b4 Bxb4 5. c3 Ba5 6. d4 exd4 7. O-O Nge7 8.
Ng5 Ne5 9. Bxf7+ Nxf7 10. Nxf7 Kxf7 11. Qh5+ g6 12. Qxa5 d5 13. cxd4 c6 14. Qd2
dxe4 15. Qf4+ Bf5 16. Nc3 h5 17. Nxe4 Nd5 18. Nd6+ Kg8 19. Qe5 Qf6 20. Nxb7 Rh7
21. Nd6 Re7 22. Qxf6 Nxf6 23. Nxf5 gxf5 24. Bg5 Kf7 25. Rac1 Re6 26. f3 Rd8 27.
Rc4 Rd5 28. Rfc1 Nh7 29. Bf4 Re2 30. Rxc6 Rxd4 31. Rc7+ Kg6 32. Kf1 Rxa2 33.
Be5 Rdd2 34. R1c6+ Kg5 35. Rg7+ Kh4 36. Bg3# 1-0

[Event "SF Brackel 1 - SV Kamen 1"]
[Site "NRW-Liga - Gruppe 2 2019/2020"]
[Date "2019.11.10"]
[Round "3.5"]
[White "Seepe, Udo"]
[Black "Steinmetzer, Thomas"]
[Result "1/2-1/2"]
[WhiteElo "2047"]
[BlackElo "2192"]
[PlyCount "23"]
[EventDate "2019.??.??"]
[SourceVersionDate "2020.03.16"]
[WhiteTeam "SV Kamen 1"]
[BlackTeam "SF Brackel 1"]

1. d4 d5 2. c4 e6 3. Nf3 Nf6 4. g3 Be7 5. Bg2 O-O 6. O-O dxc4 7. Qa4 a6 8. Qxc4
b5 9. Qc2 Bb7 10. a3 Be4 11. Qd1 c5 12. Nc3 1/2-1/2

[Event "SF Brackel 1 - SV Kamen 1"]
[Site "NRW-Liga - Gruppe 2 2019/2020"]
[Date "2019.11.10"]
[Round "3.6"]
[White "Korten, Lando"]
[Black "Rumpf, Thomas"]
[Result "1/2-1/2"]
[WhiteElo "2095"]
[BlackElo "2030"]
[PlyCount "24"]
[EventDate "2019.??.??"]
[SourceVersionDate "2020.03.16"]
[WhiteTeam "SF Brackel 1"]
[BlackTeam "SV Kamen 1"]

1. d4 Nf6 2. c4 e6 3. Nc3 Bb4 4. e3 O-O 5. Nge2 d5 6. a3 Bd6 7. c5 Be7 8. Nf4
b6 9. b4 c6 10. Bb2 Nbd7 11. Be2 a5 12. O-O Ba6 1/2-1/2

[Event "SF Brackel 1 - SV Kamen 1"]
[Site "NRW-Liga - Gruppe 2 2019/2020"]
[Date "2019.11.10"]
[Round "3.7"]
[White "Georg, Heinz"]
[Black "Strathoff, Martin"]
[Result "1/2-1/2"]
[WhiteElo "2102"]
[BlackElo "2050"]
[PlyCount "192"]
[EventDate "2019.??.??"]
[SourceVersionDate "2020.03.16"]
[WhiteTeam "SV Kamen 1"]
[BlackTeam "SF Brackel 1"]

1. e4 c5 2. Nf3 d6 3. c3 Nf6 4. Be2 Bd7 5. d3 g6 6. O-O Bg7 7. h3 O-O 8. Bg5 h6
9. Be3 Nc6 10. Nh2 c4 11. f4 cxd3 12. Qxd3 b5 13. Nd2 b4 14. cxb4 Nxb4 15. Qb3
Nc6 16. Qa3 Rb8 17. Rab1 Rb4 18. Bf3 Qb8 19. Rfc1 Rc8 20. b3 Ne8 21. Ng4 Nc7
22. Rc4 a5 23. e5 Nb5 24. Qc1 Ncd4 25. Bxd4 Nxd4 26. Rxc8+ Bxc8 27. exd6 exd6
28. Ne3 Nxf3+ 29. Nxf3 Bb7 30. Nc2 Qa7+ 31. Kh1 Re4 32. Qd2 Qc5 33. Rd1 Bc3 34.
Qxd6 Qxd6 35. Rxd6 Rxf4 36. Rd3 Bf6 37. Ncd4 h5 38. Kg1 Ba6 39. Rd2 Kg7 40. Kf2
Re4 41. g3 Be7 42. Rc2 Bf6 43. Nc6 a4 44. Rd2 Bc8 45. h4 axb3 46. axb3 Bb7 47.
Ncd4 Re8 48. Rd3 Ra8 49. Ne6+ Kg8 50. Nc5 Ra2+ 51. Ke3 Bc8 52. Ne4 Be7 53. Ne5
Ra6 54. Rc3 Bf5 55. Nc6 Bf8 56. Nd4 Bh6+ 57. Kd3 Bh3 58. b4 Bg7 59. b5 Bf1+ 60.
Ke3 Bxd4+ 61. Kxd4 Bxb5 62. Ke5 Re6+ 63. Kf4 Kg7 64. Rc7 Bc6 65. Ng5 Rf6+ 66.
Ke3 Bd5 67. Kd4 Rf5 68. Rc5 Be6 69. Nxe6+ fxe6 70. Rc7+ Kf6 71. Ke4 Ra5 72. Kf3
Ra3+ 73. Kf2 e5 74. Rc6+ Kf5 75. Rb6 Ra2+ 76. Ke3 Rg2 77. Kf3 Rc2 78. Ke3 Rc3+
79. Kf2 Rc5 80. Ra6 e4 81. Ke3 Rc3+ 82. Kf2 Rc5 83. Ke3 Re5 84. Rb6 g5 85. hxg5
Kxg5 86. Rb8 Kg4 87. Rg8+ Rg5 88. Rf8 Kxg3 89. Kxe4 h4 90. Rf3+ Kg2 91. Ra3 h3
92. Ra2+ Kh1 93. Ra1+ Rg1 94. Ra2 h2 95. Kf3 Rb1 96. Kf2 Rc1 1/2-1/2

[Event "SF Brackel 1 - SV Kamen 1"]
[Site "NRW-Liga - Gruppe 2 2019/2020"]
[Date "2019.11.10"]
[Round "3.8"]
[White "Kartsev, Nikolay"]
[Black "Georg, Felix"]
[Result "1/2-1/2"]
[WhiteElo "2120"]
[BlackElo "1963"]
[Annotator "daniel"]
[PlyCount "82"]
[EventDate "2019.??.??"]
[SourceVersionDate "2020.03.16"]
[WhiteTeam "SF Brackel 1"]
[BlackTeam "SV Kamen 1"]

1. e4 e5 2. Nf3 d6 3. d4 exd4 4. Nxd4 Nf6 5. Nc3 Be7 6. Be2 O-O 7. O-O Re8 8.
f4 c5 9. Nb3 Bf8 10. Bf3 Nc6 11. Be3 Bf5 12. exf5 Rxe3 13. Qd2 Re8 14. Qf2 c4
15. Nd4 d5 16. Nxc6 bxc6 17. Kh1 Qb6 18. Qxb6 axb6 19. a3 $11 Bc5 20. Rae1 Be3
21. g3 Kf8 22. Kg2 Bd4 23. Nd1 Nd7 24. g4 b5 25. g5 c3 26. Rxe8+ Rxe8 27. bxc3
Bc5 28. a4 bxa4 29. c4 Nb6 30. cxd5 cxd5 31. Nc3 Re3 32. Nxd5 Rxf3 33. Kxf3
Nxd5 34. Ke4 Nb6 35. Kd3 Ke7 36. c4 Kd7 37. h4 a3 38. Kc3 Be7 39. Kb3 Kc6 40.
h5 h6 41. f6 Bf8 1/2-1/2

[Event "SF Gerresheim 1 - SK Königsspringer Is"]
[Site "NRW-Liga - Gruppe 2 2019/2020"]
[Date "2019.11.10"]
[Round "3.1"]
[White "Scheider, Julian"]
[Black "Dresen, Ulrich"]
[Result "1-0"]
[WhiteElo "2291"]
[BlackElo "2195"]
[PlyCount "127"]
[EventDate "2019.??.??"]
[SourceVersionDate "2020.03.16"]
[WhiteTeam "SK Königsspringer Iserlohn 1"]
[BlackTeam "SF Gerresheim 1"]

1. e4 e5 2. Nf3 Nc6 3. d4 exd4 4. Nxd4 Nf6 5. Nxc6 bxc6 6. e5 Qe7 7. Qe2 Nd5 8.
c4 Ba6 9. b3 g6 10. f4 d6 11. Qd2 Nb6 12. Ba3 c5 13. Be2 dxe5 14. O-O Bb7 15.
Nc3 e4 16. f5 Bg7 17. Kh1 Rd8 18. Qc2 O-O 19. Rae1 Rfe8 20. Bc1 Qe5 21. Nb5 e3
22. Bf3 Bxf3 23. Rxf3 Qe4 24. Qxe4 Rxe4 25. Rfxe3 Rxe3 26. Bxe3 c6 27. Nxa7 Bc3
28. Rc1 Rd3 29. Bxc5 Nd7 30. Bg1 Nb8 31. fxg6 fxg6 32. h3 Bd4 33. Bxd4 Rxd4 34.
Rc2 Kf7 35. b4 Ke7 36. a4 Kd8 37. Rf2 Rxc4 38. Rf8+ Kc7 39. Rf7+ Nd7 40. b5
cxb5 41. axb5 Rd4 42. Rxh7 Kb6 43. Nc6 Rd1+ 44. Kh2 Kxb5 45. Ne7 Ne5 46. Rh6
Rd6 47. Nf5 Rf6 48. Ne3 Kc5 49. Kg3 Ra6 50. Ng4 Kd5 51. Rh8 Nf7 52. Re8 Re6 53.
Ra8 Rb6 54. Re8 Re6 55. Rf8 Re7 56. Rg8 Re6 57. Rg7 Nd6 58. Kf4 Kd4 59. Ra7 Kd5
60. Ra5+ Kc6 61. Re5 Kd7 62. Rxe6 Kxe6 63. Kg5 Kf7 64. Ne5+ 1-0

[Event "SF Gerresheim 1 - SK Königsspringer Is"]
[Site "NRW-Liga - Gruppe 2 2019/2020"]
[Date "2019.11.10"]
[Round "3.2"]
[White "Liedmann, Dennis"]
[Black "Eckardt, Joshua"]
[Result "0-1"]
[WhiteElo "2117"]
[BlackElo "2250"]
[Annotator "daniel"]
[PlyCount "70"]
[EventDate "2019.??.??"]
[SourceVersionDate "2020.03.16"]
[WhiteTeam "SF Gerresheim 1"]
[BlackTeam "SK Königsspringer Iserlohn 1"]

1. d4 Nf6 2. Nf3 g6 3. Bf4 Bg7 4. e3 O-O 5. Be2 d6 6. h3 c5 7. O-O Qb6 8. Na3
Be6 9. Nd2 cxd4 10. Ndc4 Qc7 11. exd4 Nd5 12. Bg3 a6 13. Bf3 Nd7 14. Re1 b5 15.
Ne3 N7b6 16. c3 Rab8 17. Nac2 a5 18. Qe2 Rfe8 19. Rac1 Nxe3 20. Nxe3 Bxa2 21.
Qxb5 Nc4 22. Nd5 Qd8 23. Qa4 Bb3 24. Qc6 e6 25. Nc7 $11 Rf8 26. Nxe6 fxe6 27.
Bg4 e5 28. Be6+ Kh8 29. Bxc4 Rc8 30. Qxc8 Qxc8 31. Bxb3 Qb7 32. Be6 Qxb2 33.
dxe5 Bxe5 34. Bxe5+ dxe5 35. f3 Qb6+ 0-1

[Event "SF Gerresheim 1 - SK Königsspringer Is"]
[Site "NRW-Liga - Gruppe 2 2019/2020"]
[Date "2019.11.10"]
[Round "3.3"]
[White "Schmitz, Philipp"]
[Black "Van Lanen, Toon"]
[Result "1-0"]
[WhiteElo "2206"]
[BlackElo "2104"]
[PlyCount "51"]
[EventDate "2019.??.??"]
[SourceVersionDate "2020.03.16"]
[WhiteTeam "SK Königsspringer Iserlohn 1"]
[BlackTeam "SF Gerresheim 1"]

1. e4 d5 2. exd5 Qxd5 3. Nf3 Bg4 4. Be2 Nf6 5. d4 Nc6 6. c4 Qd7 7. Be3 e6 8.
O-O Bd6 9. Nc3 O-O 10. Rc1 b6 11. Qa4 a6 12. Rfd1 b5 13. cxb5 axb5 14. Qxb5
Rfb8 15. Qg5 Ra5 16. d5 exd5 17. Nd4 Ne7 18. Ne4 Nxe4 19. Bxg4 Qe8 20. Qh4 Rxb2
21. Nf5 Nxf5 22. Bxf5 g6 23. Bxe4 dxe4 24. Bd4 Rbxa2 25. Qf6 Be5 26. Bxe5 1-0

[Event "SF Gerresheim 1 - SK Königsspringer Is"]
[Site "NRW-Liga - Gruppe 2 2019/2020"]
[Date "2019.11.10"]
[Round "3.4"]
[White "Selten, Jan"]
[Black "Schmuecker, Marcus"]
[Result "0-1"]
[WhiteElo "2054"]
[BlackElo "2171"]
[PlyCount "56"]
[EventDate "2019.??.??"]
[SourceVersionDate "2020.03.16"]
[WhiteTeam "SF Gerresheim 1"]
[BlackTeam "SK Königsspringer Iserlohn 1"]

1. e4 c5 2. Nf3 Nc6 3. Bb5 g6 4. O-O Bg7 5. c3 Nf6 6. Re1 O-O 7. d4 d5 8. exd5
Qxd5 9. c4 Qd6 10. Bxc6 bxc6 11. dxc5 Qxd1 12. Rxd1 Ne4 13. Re1 Nxc5 14. Nc3
Nd3 15. Rxe7 Be6 16. Rc7 Rfc8 17. Rxc8+ Rxc8 18. Be3 Nxb2 19. Rc1 Nd3 20. Rc2
Nb4 21. Rc1 Bxc4 22. Bxa7 Nxa2 23. Nxa2 Bxa2 24. Bd4 f6 25. Kf1 Bd5 26. Ne1 Kf7
27. Nd3 Bh6 28. f4 Rd8 0-1

[Event "SF Gerresheim 1 - SK Königsspringer Is"]
[Site "NRW-Liga - Gruppe 2 2019/2020"]
[Date "2019.11.10"]
[Round "3.5"]
[White "Messarius, Juergen"]
[Black "Koehler, Markus"]
[Result "1/2-1/2"]
[WhiteElo "2136"]
[BlackElo "2085"]
[PlyCount "96"]
[EventDate "2019.??.??"]
[SourceVersionDate "2020.03.16"]
[WhiteTeam "SK Königsspringer Iserlohn 1"]
[BlackTeam "SF Gerresheim 1"]

1. e4 c5 2. Nf3 Nc6 3. d4 cxd4 4. Nxd4 g6 5. g3 Bg7 6. Ne2 Nf6 7. Bg2 O-O 8.
O-O b5 9. Nbc3 Rb8 10. Re1 d6 11. h3 b4 12. Nd5 Ba6 13. Be3 Bxe2 14. Rxe2 a5
15. Bg5 Nxd5 16. exd5 Ne5 17. b3 Re8 18. a3 Nd7 19. Ra2 Bf6 20. Bxf6 Nxf6 21.
axb4 axb4 22. Ra4 Qb6 23. Qd2 Kg7 24. g4 h6 25. Kh2 Rb7 26. Re3 Rc8 27. f4 Rxc2
28. Qxc2 Qxe3 29. Qc4 Qc3 30. Qc6 Rb8 31. Ra7 Qe3 32. Qc7 Qxf4+ 33. Kh1 Re8 34.
Rb7 Ra8 35. Ra7 Rxa7 36. Qxa7 Qc1+ 37. Kh2 Qc5 38. Qxe7 Nxd5 39. Qe4 Qc1 40.
Qxd5 Qf4+ 41. Kg1 f5 42. Qe6 fxg4 43. hxg4 h5 44. Qe7+ Kh6 45. g5+ Qxg5 46.
Qf8+ Kh7 47. Qf7+ Kh6 48. Qf8+ Kh7 1/2-1/2

[Event "SF Gerresheim 1 - SK Königsspringer Is"]
[Site "NRW-Liga - Gruppe 2 2019/2020"]
[Date "2019.11.10"]
[Round "3.6"]
[White "Kuckling, Hannah"]
[Black "Kind, Bertram"]
[Result "0-1"]
[WhiteElo "2099"]
[BlackElo "2106"]
[PlyCount "78"]
[EventDate "2019.??.??"]
[SourceVersionDate "2020.03.16"]
[WhiteTeam "SF Gerresheim 1"]
[BlackTeam "SK Königsspringer Iserlohn 1"]

1. e4 c5 2. Nc3 e6 3. f4 d5 4. Bb5+ Nc6 5. Bxc6+ bxc6 6. d3 Nf6 7. Nf3 Ba6 8.
e5 Nd7 9. O-O Be7 10. Qe1 O-O 11. Qg3 f5 12. exf6 Rxf6 13. Re1 Nf8 14. Ne5 Qc7
15. Bd2 Bd6 16. Nd1 Ng6 17. Nf2 Bxe5 18. fxe5 Rf5 19. Ng4 Qb6 20. b3 c4+ 21.
Kh1 cxd3 22. cxd3 Qd4 23. Rac1 Raf8 24. Ne3 R5f7 25. Rxc6 Qxd3 26. Rg1 Bb7 27.
Rc2 d4 28. Rb2 dxe3 29. Bxe3 a6 30. Rd2 Qc3 31. Rd6 Bd5 32. Rxa6 Nxe5 33. h3
Ng6 34. Kh2 Qe5 35. Qxe5 Nxe5 36. Bd4 Nd3 37. Rd1 Nf4 38. g3 Ne2 39. Bc5 Rf2+
0-1

[Event "SF Gerresheim 1 - SK Königsspringer Is"]
[Site "NRW-Liga - Gruppe 2 2019/2020"]
[Date "2019.11.10"]
[Round "3.7"]
[White "Klauke, Stefan"]
[Black "Finke, Tobias"]
[Result "1-0"]
[WhiteElo "2093"]
[BlackElo "2034"]
[PlyCount "57"]
[EventDate "2019.??.??"]
[SourceVersionDate "2020.03.16"]
[WhiteTeam "SK Königsspringer Iserlohn 1"]
[BlackTeam "SF Gerresheim 1"]

1. e4 e5 2. Nf3 Nf6 3. Nc3 Bb4 4. Nxe5 Qe7 5. d4 Nxe4 6. Qg4 f5 7. Qxf5 Nxc3 8.
a3 Ba5 9. Bc4 Rf8 10. Qxh7 d5 11. Qh5+ Kd8 12. bxc3 Bxc3+ 13. Kd1 Rf5 14. Qh8+
Rf8 15. Qh5 Rf5 16. Bg5 Rxg5 17. Nf7+ Kd7 18. Nxg5 dxc4 19. Qh3+ Kd8 20. Qh8+
Kd7 21. Qh3+ Kd8 22. Qxc3 Qxg5 23. Qxc4 Qg4+ 24. Kc1 Be6 25. Qb4 Qxg2 26. Kb2
Nd7 27. Rhg1 Qd5 28. Rxg7 a5 29. Qe7+ 1-0